Biographia de Quinto Sertorio / (Record no. 162288)

MARC details
000 -LEADER
campo de control de longitud fija 00904nam a2200205 i 4500
001 - NÚMERO DE CONTROL
campo de control 162288
003 - IDENTIFICADOR DE NÚMERO DE CONTROL
campo de control ES-MaACL
005 - FECHA Y HORA DE LA ÚLTIMA TRANSACCIÓN
campo de control 20250829114132.0
008 - DATOS DE LONGITUD FIJA--INFORMACIÓN GENERAL
campo de control de longitud fija 991008s1878 po |||| | por d
040 ## - FUENTE DE CATALOGACIÓN
Centro catalogador/agencia de origen CCPB | B
Lengua de catalogación spa
Centro/agencia transcriptor CCPB | B
100 0# - ENTRADA PRINCIPAL--NOMBRE DE PERSONA
Nombre de persona Plutarco
9 (RLIN) 92678
245 10 - MENCIÓN DEL TÍTULO
Título Biographia de Quinto Sertorio /
Mención de responsabilidad, etc. por Plutarcho de Chéronéa ; traduzida em portuguez segundo a versão de E. Talbot e precedida de algumas observações sobre a romanisação da peninsula Iberica por Gabriel Pereira.
260 ## - PUBLICACIÓN, DISTRIBUCIÓN, ETC.
Lugar de publicación, distribución, etc. Evora :
Nombre del editor, distribuidor, etc. [s.n.],
Fecha de publicación, distribución, etc. 1878 (
Fabricante Typ. de F.C. Bravo)
300 ## - DESCRIPCIÓN FÍSICA
Extensión XXI, [2], 30, [2] p. ;
Dimensiones 22 cm.
600 17 - PUNTO DE ACCESO ADICIONAL DE MATERIA--NOMBRE DE PERSONA
Nombre de persona Sertorio, Quinto,
Fechas asociadas al nombre 122 a. C.-72 a. C.
Fuente del encabezamiento o término embne
9 (RLIN) 132683
700 1# - ENTRADA AGREGADA--NOMBRE PERSONAL
Nombre de persona Talbot, Eugéne.
9 (RLIN) 133106
700 0# - ENTRADA AGREGADA--NOMBRE PERSONAL
Nombre de persona Pereira, Gabriel.
9 (RLIN) 90471
852 ## - LOCALIZACIÓN
Ubicación ES-MaACL
Número de control de estantería T-425-F-7
Nota libre -- Enc. hol.
condición física -- Falto de la cub. original
Nota libre -- Enc. en un vol. facticio
Holdings
Estatus retirado Estado de pérdida Estado de daño No para préstamo Colección Biblioteca de origen Biblioteca actual Ubicación en estantería Fecha de adquisición Total de préstamos Signatura topográfica completa Código de barras Visto por última vez Precio de reemplazo Tipo de ítem Koha
        Colección de folletos Biblioteca del Ateneo de Madrid Biblioteca del Ateneo de Madrid Depósito folletos 17/01/2008   T-425-F-7 1170021 23/02/2023 23/02/2023 Folleto